000 00565nam a2200229Ia 4500
003 OSt
005 20220930190220.0
006 a|||||r|||| 00| 0
007 ta
008 220926b |||||||| |||| 00| 0 eng d
024 _a90606
037 _cTextbook
040 _aCRL
_cCRL
_beng
041 _2eng
_aeng
082 _aP111,J, L2
100 _aMokashi - Punekar S.
_9558629
245 0 _aThe Indo - anglian creed
260 _c1972
300 _a72p.
_ccm.
942 _hP111,J, L2
_cTB
_2CC
999 _c891769
_d891769